[Event "Wch U10 Girls"]
[Site "Batumi"]
[Date "2022.09.21"]
[Round "6"]
[White "Varon, Alma"]
[Black "Kharitonova, Viktoriia"]
[Result "0-1"]
[WhiteElo "1130"]
[BlackElo "1403"]
[PlyCount "38"]
[EventDate "2022.09.16"]
[EventType "swiss"]
[EventRounds "11"]
[EventCountry "GEO"]
[SourceTitle "EXT 2023"]
[Source "ChessBase"]
[SourceDate "2022.10.05"]
[SourceVersion "1"]
[SourceVersionDate "2022.10.05"]
[SourceQuality "1"]

1. e4 c5 2. Nf3 e6 3. c3 d5 4. exd5 Qxd5 5. Be2 Nf6 6. 0-0 Nc6 7. d4 Be7 8. Bf4 0-0 9. Na3 a6 10. Nc4 Qd8 11. Qd3 b5 12. Nce5 c4 13. Qc2 Nxe5 14. Nxe5 Nd5 15. Bf3 Bb7 16. Bd2 Qc7 17. Be4 Nf6 18. Bxb7 Qxb7 19. Bf4 Nd5 0-1

[Event "Wch U10 Girls"]
[Site "Batumi"]
[Date "2022.09.20"]
[Round "5"]
[White "Kharitonova, Viktoriia"]
[Black "Tripurambika, V."]
[Result "0-1"]
[WhiteElo "1403"]
[BlackElo "1183"]
[PlyCount "81"]
[EventDate "2022.09.16"]
[EventType "swiss"]
[EventRounds "11"]
[EventCountry "GEO"]
[SourceTitle "EXT 2023"]
[Source "ChessBase"]
[SourceDate "2022.10.05"]
[SourceVersion "1"]
[SourceVersionDate "2022.10.05"]
[SourceQuality "1"]

1. e4 e5 2. Nf3 Nc6 3. Nc3 Nf6 4. Bb5 Bb4 5. 0-0 0-0 6. d3 Bxc3 7. bxc3 d6 8. Bg5 h6 9. Bh4 g5 10. Bxc6 bxc6 11. Bg3 Bg4 12. Qe2 Qe7 13. Qe3 Bh5 14. h4 Bxf3 15. Qxf3 Nh7 16. Qh5 Qf6 17. Rad1 c5 18. d4 cxd4 19. cxd4 exd4 20. f4 Qg6 21. Qe2 Rfe8 22. Rxd4 g4 23. f5 Qg7 24. Qe3 Nf6 25. Bf4 Kh7 26. Rfd1 Nd7 27. g3 Qf6 28. Kg2 Qg7 29. Rd5 Nb6 30. R5d4 Nd7 31. Rc4 Nc5 32. Rd5 Rac8 33. e5 Nd7 34. f6 Qg6 35. Qd2 Nb6 36. Rcd4 Nxd5 37. Rxd5 dxe5 38. Bxe5 Qe4+ 39. Kh2 Rxe5 40. Rxe5 Qxe5 41. Qd3+ 0-1

[Event "Wch U10 Girls"]
[Site "Batumi"]
[Date "2022.09.18"]
[Round "3"]
[White "Kharitonova, Viktoriia"]
[Black "Dumitru, Rucsandra Sofia"]
[Result "1-0"]
[WhiteElo "1403"]
[BlackElo "1151"]
[PlyCount "85"]
[EventDate "2022.09.16"]
[EventType "swiss"]
[EventRounds "11"]
[EventCountry "GEO"]
[SourceTitle "EXT 2023"]
[Source "ChessBase"]
[SourceDate "2022.10.05"]
[SourceVersion "1"]
[SourceVersionDate "2022.10.05"]
[SourceQuality "1"]

1. e4 c5 2. Nf3 e6 3. d4 cxd4 4. Nxd4 d6 5. Bd3 Qc7 6. 0-0 Nf6 7. Qe2 a6 8. Nc3 Be7 9. Be3 b5 10. a4 b4 11. Na2 d5 12. f3 0-0 13. Bf2 Nbd7 14. c3 bxc3 15. Nxc3 Bd6 16. g3 e5 17. Nf5 d4 18. Na2 Nc5 19. Rac1 Qb6 20. a5 Qd8 21. b4 Nxd3 22. Qxd3 Be6 23. Rc6 Be7 24. Nc1 Bxb4 25. Rxa6 Rxa6 26. Qxa6 Bxa5 27. Nd3 Qb6 28. Qxb6 Bxb6 29. Ne7+ Kh8 30. Nxe5 Nd7 31. Nxd7 Bxd7 32. Nd5 Bc5 33. Rd1 Ba4 34. Rd2 Rd8 35. Bxd4 Bxd4+ 36. Rxd4 Bc6 37. Kf2 Bxd5 38. Rxd5 Rxd5 39. exd5 Kg8 40. Ke3 Kf8 41. d6 Ke8 42. Kd4 Kd7 43. Kd5 1-0

[Event "Wch U10 Girls"]
[Site "Batumi"]
[Date "2022.09.17"]
[Round "2"]
[White "Zavivaeva, Angelina"]
[Black "Kharitonova, Viktoriia"]
[Result "0-1"]
[WhiteElo "1038"]
[BlackElo "1403"]
[PlyCount "64"]
[EventDate "2022.09.16"]
[EventType "swiss"]
[EventRounds "11"]
[EventCountry "GEO"]
[SourceTitle "EXT 2023"]
[Source "ChessBase"]
[SourceDate "2022.10.05"]
[SourceVersion "1"]
[SourceVersionDate "2022.10.05"]
[SourceQuality "1"]

1. e4 c5 2. Nf3 e6 3. d4 cxd4 4. Nxd4 Nf6 5. Nc3 Nc6 6. Be3 Bb4 7. f3 d5 8. Bb5 Bd7 9. Bg5 e5 10. Bxc6 bxc6 11. Nde2 d4 12. Nxd4 exd4 13. Qxd4 Bxc3+ 14. Qxc3 h6 15. Bh4 Qe7 16. 0-0-0 Qe6 17. Qa3 Rc8 18. Rd6 Qe5 19. Bg3 Qe7 20. Rhd1 0-0 21. e5 Nd5 22. Kb1 Be6 23. Bf2 Rfd8 24. Bc5 Qb7 25. c4 Rxd6 26. exd6 Nf6 27. Qxa7 Qxa7 28. Bxa7 Bxc4 29. d7 Rd8 30. b3 Be6 31. Rc1 Bd5 32. Bd4 Nxd7 0-1